Belediye başkanlarının isimleri, partileri, telefon ve fax numaraları (Record no. 8067)

MARC details
000 -BAŞLIK
Sabit Uzunlukta Kontrol Alanı 00714na a2200229 4500
001 - KONTROL NUMARASI
Denetim Alanı 16775
003 - KONTROL NUMARASI IDENTIFIER
Denetim Alanı MIRAKIL
005 - SON İŞLEM TARİHİ VE ZAMANI
Denetim Alanı 20181213155158.0
008 - SABİT-BOY VERİ ELEMANLARI - GENEL BİLGİLER
Sabit Uzunlukta Kontrol Alanı 161013b tu 000 0
035 ## - SİSTEM KONTROL NUMARASI
Sistem Kontrol Numarası 16775
040 ## - KATALOGLAMA KAYNAK
Orijinal Kataloglama Ajansı Milas
Kataloglama Dili tur
Metne Dönüştürmek Ajansı TR-AnCHP
041 ## - DİL KODU
Metin / Ses Parça Veya Ayrı Başlığın Dil Kodu tur
082 ## - DEWEY ONLU SINIFLANDIRMA NUMARASI
Sınıflandırma Numarası 352.00025
Ürün Numarası M23b 2005
090 ## - SINIFLAMA NUMARASI
Sınıflama Numarası 352.00025 M23b 2005
110 ## - ANA GİRİŞ - KURUMSAL ADI
Giriş Elemanı Olarak Kurumsal Ad Veya Yargı Alanı Adı Mahalli İdareler Derneği
245 ## - BAŞLIK TABLOSU
Başlık Belediye başkanlarının isimleri, partileri, telefon ve fax numaraları
Sorumluluk Tablosu, Vb Mahalli İdareler Derneği
260 ## - YAYIN, DAĞITIM, VB
Yayın, Dağıtım, Vb Yeri Ankara
Yayıncı, Dağıtıcı, Vs Adı Mahalli İdareler Derneği
Yayın, Dağıtım, Vb Tarihi 2005
300 ## - FİZİKSEL TANIM
Kapsam 119 s.
Boyutlar 24 sm.
650 ## - KONU KATMA GİRİŞ - TOPİKAL DÖNEM
Topikal Süreli Veya Coğrafi Ad Giriş Elemanı Yerel yönetimler
Genel Alt Bölümü Rehberler
650 ## - KONU KATMA GİRİŞ - TOPİKAL DÖNEM
Topikal Süreli Veya Coğrafi Ad Giriş Elemanı Yerel yönetimler
Genel Alt Bölümü Belediye başkanları
Kronolojik Alt Bölümü İletişim
942 ## - EKLENDİ GİRİŞ ELEMANLARI (KOHA)
Sınıflandırma Veya Raf Düzeni Kaynak Dewey Decimal Classification
Koha Öğesi Türü Books
999 ## - SİSTEM KONTROL NUMARALARI (KOHA)
Koha Biblionumber 8067
Koha Biblioitemnumber 8067
Holdings
Kalıcı Konum Mevcut Konum Edinme Tarihi Edinim Kaynak Seri Numaralandırma / Kronolojik Toplam Check-Out'Lar Tam Çağrı Numarası Barkod Tarih Son Görülme İtibaren Geçerli Fiyatlar Koha Öğesi Türü Kopya Sayısı
CHP Kütüphanesi CHP Kütüphanesi 10/13/2016 Bağış c.9   352.00025 M23b 2005 005715 10/13/2016 10/13/2016 Books  
CHP Kütüphanesi CHP Kütüphanesi 10/13/2016 Bağış     352.00025 M23b 2005 005716 10/13/2016 10/13/2016 Books k.2